Finančné aspekty reputačného manažmentu v podmienkach automobilového priemyslu diplomová práca

Uložené v:
Podrobná bibliografia
Hlavný autor: Vavro, Daniel
Korporativný autor: Fakulta podnikového manažmentu EU. Katedra podnikových financií
Ďalší autori: Markovič, Peter, 1974-
Médium: Kniha
Jazyk:Slovak
Vydavateľské údaje: Bratislava 2018
Tagy: Pridať tag
Žiadne tagy, Buďte prvý, kto otaguje tento záznam!

MARC

LEADER 00000nbm a2200000 4500
001 0244728
005 20181001111541.4
041 0 |a slo 
044 |a SK 
245 1 0 |a Finančné aspekty reputačného manažmentu v podmienkach automobilového priemyslu  |b diplomová práca  |c Daniel Vavro ; školiteľ: Peter Markovič 
264 1 |a Bratislava  |c 2018 
300 |a 64 s. 
100 1 |a Vavro, Daniel 
700 1 |a Markovič, Peter, 1974- 
710 2 |a Fakulta podnikového manažmentu EU. Katedra podnikových financií